Circular Oriented Eco-Innovation: An Analysis Based on Water Mining Circular Ecosystems (notice n° 1822987)

détails MARC
000 -LEADER
fixed length control field 01546cam a2200169 4500500
005 - DATE AND TIME OF LATEST TRANSACTION
control field 20260329003252.0
041 ## - LANGUAGE CODE
Language code of text/sound track or separate title fre
042 ## - AUTHENTICATION CODE
Authentication code dc
100 10 - MAIN ENTRY--PERSONAL NAME
Personal name Pereira, Angeles
Relator term author
245 00 - TITLE STATEMENT
Title Circular Oriented Eco-Innovation: An Analysis Based on Water Mining Circular Ecosystems
260 ## - PUBLICATION, DISTRIBUTION, ETC.
Date of publication, distribution, etc. 2025.<br/>
500 ## - GENERAL NOTE
General note 13
520 ## - SUMMARY, ETC.
Summary, etc. This communication analyses the role of eco-innovation towards the Circular Economy (CE) from a dynamic perspective. To do so, we focus on the analysis of cases in the water treatment sector. The emergence of CE as a more desirable model in the framework of sustainable development is leading to the transformation of the business model of conventional wastewater treatment plants into new circular models, or more broadly circular ecosystems, in which several actors cooperate for multiple value creation. Through circular ecosystems, water, the materials and substances it carries, and the energy that the water or its treatment processes can generate may be valorised. This process of multiple value creation and thus, the realisation of the circular outcome, requires the dynamic interaction of diverse actors and the adoption of eco-innovations of different types. The study identifies different types of eco-innovation contributing to implement circular strategies.
700 10 - ADDED ENTRY--PERSONAL NAME
Personal name Turnes, Alberto Juan
Relator term author
786 0# - DATA SOURCE ENTRY
Note Innovations | special issue | HS1 | 2025-10-10 | p. 146-146 | 1267-4982
856 41 - ELECTRONIC LOCATION AND ACCESS
Uniform Resource Identifier <a href="https://shs.cairn.info/revue-innovations-2025-HS1-page-146?lang=en&redirect-ssocas=7080">https://shs.cairn.info/revue-innovations-2025-HS1-page-146?lang=en&redirect-ssocas=7080</a>

Pas d'exemplaire disponible.

PLUDOC

PLUDOC est la plateforme unique et centralisée de gestion des bibliothèques physiques et numériques de Guinée administré par le CEDUST. Elle est la plus grande base de données de ressources documentaires pour les Étudiants, Enseignants chercheurs et Chercheurs de Guinée.

Adresse

627 919 101/664 919 101

25 boulevard du commerce
Kaloum, Conakry, Guinée

Réseaux sociaux

Powered by Netsen Group @ 2025